000 00710cam a2200205 a 4500
001 000006047
005 20200929151912.0
008 080618s1987 pr a 001 0 spa d
020 _a0865814244
040 _aDO-SdBNP
_cPMU
_dOCLCG
_dDLC
082 _aPR861.44
_bM491a
100 1 _aMedina, Ramón Felipe,
_d1935-
_917042
245 1 0 _aÁrbol de palabras :
_bantología poética (1954-1984) /
_cRamón Felipe Medina.
260 _aRio Piedras, (Puerto Rico) :
_bCiba ;
_bInstituto de Cultura Puertorriqueña,
_c1987.
300 _axvi, 277 p. :
_bil. ;
_c21 cm.
650 4 _aPoesìa puertorriqueña
_91015
650 4 _aLiteratura puertorriqueña
_9250
910 _aCatalogación por copia / LC
049 _aBNGR
999 _c5843
_d5843